The Partial Memoirs of V.K.R.V, Rao (Record no. 31985)

MARC details
000 -LEADER
fixed length control field 01150cam a2200265 a 4500
005 - DATE AND TIME OF LATEST TRANSACTION
control field 20080104121344.0
008 - FIXED-LENGTH DATA ELEMENTS--GENERAL INFORMATION
fixed length control field 061003s2006 ii a b 001 0deng
010 ## - LCCN (DPL NO)
LC control number ENG-95525
020 ## - INTERNATIONAL STANDARD BOOK NUMBER
International Standard Book Number 9780198062790
Terms of availability 195.00
020 ## - INTERNATIONAL STANDARD BOOK NUMBER
International Standard Book Number 0198062796
Terms of availability 195.00
035 ## - SYSTEM CONTROL NUMBER
System control number EN-79058
037 ## - SOURCE OF ACQUISITION
Source of stock number/acquisition DBAD/PUB
040 ## - CATALOGING SOURCE
Original cataloging agency DPL
245 ## - TITLE STATEMENT
Title The Partial Memoirs of V.K.R.V, Rao
Statement of responsibility, etc edited by S.L. Rao
260 ## - PUBLICATION, DISTRIBUTION, ETC. (IMPRINT)
Place of publication, distribution, etc New Delhi :
Name of publisher, distributor, etc Oxford University Press,
Date of publication, distribution, etc 2009
300 ## - PHYSICAL DESCRIPTION
Extent xi, 178 p. :
Dimensions 22 cm.(Pbk)
520 ## - SUMMARY, ETC.
Summary, etc On the works and friendship between Rabindranath Tagore, 1861-1941, Bengali and English author and Kakuzō Okakura, 1862-1913, Japanese author with special reference to the depiction of Asia, nationalism, and civilization in their works.
600 ## - SUBJECT ADDED ENTRY--PERSONAL NAME
Personal name Tagore, Rabindranath,
General subdivision Criticism and interpretation.
600 ## - SUBJECT ADDED ENTRY--PERSONAL NAME
Personal name Okakura, Kakuzō,
General subdivision Criticism and interpretation.
651 ## - SUBJECT ADDED ENTRY--GEOGRAPHIC NAME
Geographic name Asia
General subdivision In literature.
700 ## - ADDED ENTRY--PERSONAL NAME
Personal name Rao,V.K.
942 ## - ADDED ENTRY ELEMENTS (KOHA)
Source of classification or shelving scheme Dewey Decimal Classification
Item type English Books
Call number suffix RAO
Holdings
Withdrawn status Lost status Source of classification or shelving scheme Damaged status Not for loan Collection code Home library Current library Date acquired Source of acquisition Cost, normal purchase price Total Checkouts Full call number Barcode Date last seen Copy number Cost, replacement price Koha item type
    Dewey Decimal Classification   Not For Loan Non-fiction D.B.Act.Division D.B.Act.Division 21/11/2009 DBAD / PUB 195.00   RAO EN-79058 21/11/2009 1 195.00 English Books

© Delhi Public Library
Hit Counter
free hit counter